000 00257nam a22001097a 4500
008 170125b xxu||||| |||| 00| 0 eng d
020 _a9780763748999
041 _aeng
080 _a618.2
245 _aADVANCED PRACTICE NURSING
_cBARKER, A.M
942 _2udc
_cBK
999 _c3566
_d3566